00373pab a2200133 454500008004000000100001700040245009700057260000900154300001300163362001200176650001000188700002100198773002000219180718b2001 xxu||||| |||| 00| 0 eng d aSuganthi, L. aStudies on the factors influencing the progress of women at work using discriminant analysis c2001 ap.30-43. aOct-Dec aWomen aSamuel, Anand A. aIASSI Quarterly